The management series / (Record no. 75635)
[ view plain ]
| 000 -LEADER | |
|---|---|
| fixed length control field | 01172cam a2200289 a 4500 |
| 001 - CONTROL NUMBER | |
| control field | 75635 |
| 003 - CONTROL NUMBER IDENTIFIER | |
| rucl marc code | BD-RjUL |
| 005 - DATE AND TIME OF LATEST TRANSACTION | |
| control field | 20211209082724.0 |
| 008 - FIXED-LENGTH DATA ELEMENTS--GENERAL INFORMATION | |
| fixed length control field | 190506s1991 caua 001 0 eng |
| 020 ## - INTERNATIONAL STANDARD BOOK NUMBER | |
| International Standard Book Number | 8773367591 |
| International Standard Book Number | 8773367605 |
| 035 ## - SYSTEM CONTROL NUMBER | |
| System control number | (BD-RjUL)75853 |
| 040 ## - CATALOGING SOURCE | |
| Original cataloging agency | DLC |
| Transcribing agency | DLC |
| Modifying agency | DLC |
| Language of cataloging | eng |
| 041 ## - LANGUAGE CODE | |
| Language code of text/sound track or separate title | eng |
| 082 00 - DEWEY DECIMAL CLASSIFICATION NUMBER | |
| Classification number | 658 |
| Edition number | 23 |
| Author mark and year | HUM 1991 |
| 100 1# - MAIN ENTRY--PERSONAL NAME | |
| Personal name | Hubbard, L. Ron |
| Fuller form of name | (La Fayette Ron), |
| Dates associated with a name | 1911-1986. |
| 9 (RLIN) | 231539 |
| 245 14 - TITLE STATEMENT | |
| Title | The management series / |
| Statement of responsibility, etc. | by L. Ron Hubbard. |
| 260 ## - PUBLICATION, DISTRIBUTION, ETC. (IMPRINT) | |
| Place of publication, distribution, etc. | Los Angeles, Calif. : |
| Name of publisher, distributor, etc. | Bridge Publications ; |
| Place of publication, distribution, etc. | Copenhagen, Denmark : |
| Name of publisher, distributor, etc. | New Era Publications International ApS, |
| Date of publication, distribution, etc. | c1991. |
| 300 ## - PHYSICAL DESCRIPTION | |
| Pagination | 3 v. : |
| Illustrations | ill. ; |
| Size | 31 cm. |
| 500 ## - GENERAL NOTE | |
| General note | Includes indexes. |
| 505 0# - FORMATTED CONTENTS NOTE | |
| Formatted contents note | V. 1. The data series ; The organizing series ; The personnel series -- V. 2. The establishment officer series ; The executive series ; The finance series ; The target series ; The computer series --V. 3. The public relations series ; The marketing series ; The admin know-how series. |
| 650 #0 - SUBJECT ADDED ENTRY--TOPICAL TERM | |
| Topical term or geographic name as entry element | Management. |
| 9 (RLIN) | 231540 |
| 906 ## - LOCAL DATA ELEMENT F, LDF (RLIN) | |
| a | 7 |
| b | cbc |
| c | orignew |
| d | 2 |
| e | ncip |
| f | 19 |
| g | y-gencatlg |
| 942 ## - ADDED ENTRY ELEMENTS (KOHA) | |
| Source of classification or shelving scheme | Dewey Decimal Classification |
| Koha item type | Books |
| Lost status | Source of classification or shelving scheme | Damaged status | Not for loan | Collection code | Permanent Location | Current Location | Shelving location | Date acquired | Total Checkouts | Full call number | Date last seen | Copy number | Koha item type |
|---|---|---|---|---|---|---|---|---|---|---|---|---|---|
| Dewey Decimal Classification | Non-fiction | Central Library, University of Rajshahi | Central Library, University of Rajshahi | 11/12/2001 | 658 HUM 1991 V-2 | 06/05/2019 | C-1 | Books | |||||
| Dewey Decimal Classification | Non-fiction | Central Library, University of Rajshahi | Central Library, University of Rajshahi | 11/12/2001 | 658 HUM 1991 V-3 | 06/05/2019 | C-1 | Books |